header

The Women's Joint Congressional Committee and the politics of maternalism, 1920-30 (Record no. 111835)

MARC details
000 -LEADER
fixed length control field 01820nam a2200397Ia 4500
100 1# - MAIN ENTRY--AUTHOR NAME
Personal name Wilson, Jan Doolittle,
245 14 - TITLE STATEMENT
Title The Women's Joint Congressional Committee and the politics of maternalism, 1920-30
260 ## - PUBLICATION, DISTRIBUTION, ETC. (IMPRINT)
Place of publication Urbana :
Name of publisher University of Illinois Press,
Year of publication c2007.
300 ## - PHYSICAL DESCRIPTION
Number of Pages x, 245 p. :
Other physical details ill.
490 0# - SERIES STATEMENT
Series statement Women in American history
650 #0 - SUBJECT ADDED ENTRY--TOPICAL TERM
Topical Term Women
Topical Term Women social reformers
Topical Term Women
Topical Term Pressure groups
Topical Term Social legislation
Topical Term Maternal and infant welfare
Topical Term Child labor
856 40 - ELECTRONIC LOCATION AND ACCESS
Uniform Resource Identifier http://site.ebrary.com/lib/rucke/Doc?id=10593714

No items available.

© 2026 Rongo University
Contact us: librarian | system librarian | Rongo university